000 00538nmm a2200169Ia 4500
008 251105s9999||||xx |||||||||||||||||und||
020 _a9789587711257
041 _aspa
100 _aCastaño Yepes, Ramón Abel
245 0 _aMecanismos de pago en salud : anatomía, fisiología y fisiopatología
264 _a[Bogotá, Colombia] :
_bEcoe Ediciones,
_c2014
300 _a198 páginas
490 _aCiencias de la salud
650 _aEconomics and Business
856 _uhttps://public.digitaliapublishing.com/a/29999
942 _cCF
999 _c96150
_d96150